[Event "Nara leão"]
[Site "http://www.queenalice.com/game.php?id=574459"]
[Date "2009.4.19"]
[Round "-"]
[White "uegfelipe"]
[Black "BillQ"]
[Result "0-1"]
[WhiteElo "1477"]
[BlackElo "1439"]

1. e4 c5 2. Nf3 d6 3. c3 Nf6 4. Ng5 h6 5. Bb5+ Bd7 6. Bxd7+ Nbxd7 7. d3 Ne5 8.
Nf3 Nxf3+ 9. Qxf3 e5 10. c4 Qa5+ 0-1

[Event "Let's Play Chess!"]
[Site "http://www.queenalice.com/game.php?id=574466"]
[Date "2009.4.20"]
[Round "-"]
[White "BillQ"]
[Black "MCMXI"]
[Result "0-1"]
[WhiteElo "1453"]
[BlackElo "1605"]

1. f4 d5 2. Nf3 Nf6 3. e3 Bg4 4. Be2 Bxf3 5. Bxf3 e6 6. O-O Bc5 7. d4 Bb6 8. Nd2
c5 9. b3 Nc6 10. c4 cxd4 11. Qe2 dxe3 12. Nb1 d4 13. Ba3 d3 14. Qxe3 Bxe3+ 15.
Kh1 Qd4 16. Nc3 Qxc3 17. h3 O-O-O 18. Rac1 Bxc1 19. Bxc1 d2 0-1

[Event "Let's Play Chess!"]
[Site "http://www.queenalice.com/game.php?id=574467"]
[Date "2009.4.20"]
[Round "-"]
[White "MCMXI"]
[Black "BillQ"]
[Result "1-0"]
[WhiteElo "1636"]
[BlackElo "1315"]

1. d4 Nf6 2. c4 e6 3. Nf3 b6 4. Nc3 Bb7 5. Bg5 Bb4 6. e3 h6 7. Bxf6 Qxf6 8. Be2
O-O 9. O-O Nc6 10. Ne4 Qf5 11. Ng3 Qg6 12. Bd3 Qf6 13. Ne4 Qe7 14. a3 Bd6 15. b4
a5 16. c5 Bxc5 17. bxc5 b5 18. Qc2 d5 19. Nd6 cxd6 20. cxd6 Qxd6 21. Bxb5 Rac8
22. Qd3 Na7 23. Ba4 Bc6 24. Bc2 g6 25. a4 Rb8 26. Ne5 Bb7 27. Nxg6 fxg6 28.
Qxg6+ 1-0

[Event "Challenge"]
[Site "http://www.queenalice.com/game.php?id=575136"]
[Date "2009.4.21"]
[Round "-"]
[White "BillQ"]
[Black "rpdemo"]
[Result "0-1"]
[WhiteElo "1502"]
[BlackElo "1509"]

1. f4 Nc6 2. Nf3 d5 3. e3 d4 4. d3 Bg4 5. e4 e6 6. Nbd2 Qf6 7. f5 Bb4 8. c3 dxc3
9. h3 cxd2+ 10. Bxd2 Bxd2+ 11. Qxd2 Bxf3 12. gxf3 Nd4 13. O-O-O exf5 14. f4 fxe4
15. Bg2 Qc6+ 16. Qc3 Ne2+ 17. Kd2 Nxc3 18. bxc3 Qd6 19. Bxe4 Nf6 20. Bxb7 Qxf4+
21. Kc2 Qa4+ 22. Kb2 Qb5+ 0-1

[Event "Challenge"]
[Site "http://www.queenalice.com/game.php?id=576302"]
[Date "2009.4.23"]
[Round "-"]
[White "WILSONCSQ"]
[Black "BillQ"]
[Result "1-0"]
[WhiteElo "1494"]
[BlackElo "1425"]

1. e4 c5 2. Nc3 Nc6 3. Nf3 e6 4. d3 g6 5. Be2 Nf6 6. Bg5 d5 7. e5 d4 8. Nb5 a6
9. Bxf6 Be7 10. Nd6+ Kd7 11. Nxf7 Qa5+ 12. c3 Rf8 13. Bxe7 Nxe7 14. N7g5 dxc3
15. bxc3 Qxc3+ 16. Nd2 Qd4 17. O-O h5 18. Nb3 Qxe5 19. Ne4 b6 20. Rb1 a5 21.
Nbd2 Kc7 22. Nc4 Qd5 23. Nxb6 Qxa2 24. Nxa8+ Kd8 25. Nxc5 1-0

[Event "AUTO-OPEN-1558"]
[Site "http://www.queenalice.com/game.php?id=589960"]
[Date "2009.5.18"]
[Round "1"]
[White "drd123"]
[Black "BillQ"]
[Result "1-0"]
[WhiteElo "2058"]
[BlackElo "1371"]

1. e4 c5 2. Nf3 d6 3. d4 Nc6 4. dxc5 Nf6 5. Nc3 e5 6. cxd6 Bxd6 7. Bc4 O-O 8.
O-O Bg4 9. Be3 Be6 10. Bxe6 fxe6 11. Ng5 h6 12. Nxe6 Qe7 13. Nxf8 Rxf8 14. Qd2
Qe6 15. f3 a6 16. Rad1 Rd8 17. Nd5 Nxd5 18. exd5 Qf7 19. dxc6 bxc6 20. Qf2 Qxa2
21. Bc5 Qc4 22. Bxd6 e4 23. fxe4 Qxe4 24. Qf7+ Kh7 25. Qf5+ 1-0

[Event "AUTO-OPEN-1558"]
[Site "http://www.queenalice.com/game.php?id=589961"]
[Date "2009.5.18"]
[Round "1"]
[White "BillQ"]
[Black "drd123"]
[Result "0-1"]
[WhiteElo "1371"]
[BlackElo "2108"]

1. f4 Nf6 2. Nf3 d6 3. Nc3 g6 4. d4 Bg7 5. e4 Bg4 6. Bc4 O-O 7. e5 dxe5 8. O-O
e4 9. Qe1 exf3 10. gxf3 Qxd4+ 11. Qf2 Qxf2+ 12. Rxf2 Bf5 13. Rd2 Nc6 14. Ne2
Rfd8 15. b3 Rxd2 16. Bxd2 Rd8 17. Rd1 Bxc2 18. Re1 Rxd2 19. Ng3 Nd4 20. Rxe7
Nxf3+ 21. Kf1 Ng4 22. Bxf7+ Kf8 23. Rxc7 Ngxh2# 0-1

[Event "AUTO-OPEN-1558"]
[Site "http://www.queenalice.com/game.php?id=589990"]
[Date "2009.5.18"]
[Round "1"]
[White "BillQ"]
[Black "amor2905"]
[Result "1-0"]
[WhiteElo "1331"]
[BlackElo "1537"]

1. f4 d5 2. Nf3 Nf6 3. e3 e6 4. b3 c5 5. Bb5+ Bd7 6. Bb2 Bxb5 7. Nc3 Bc6 8. Ne5
Bd6 9. O-O O-O 10. Qe2 Nfd7 11. Ba3 Bxe5 12. fxe5 Nxe5 13. Qh5 Ned7 14. d4 b6
15. Rf3 g6 16. Qh6 Qe7 17. Ne2 f5 18. Raf1 1-0

[Event "AUTO-OPEN-1558"]
[Site "http://www.queenalice.com/game.php?id=589991"]
[Date "2009.5.18"]
[Round "1"]
[White "amor2905"]
[Black "BillQ"]
[Result "0-1"]
[WhiteElo "1503"]
[BlackElo "1359"]

1. d4 Nf6 2. c4 e6 3. e3 c5 4. Nf3 d5 5. Be2 b6 6. O-O Bd6 7. Nc3 O-O 8. b3 Nc6
9. dxc5 Bxc5 10. Qc2 Ba6 11. cxd5 exd5 12. Bxa6 Nb4 13. Qe2 Nxa6 14. Qxa6 h6 15.
Qd3 Rc8 16. Bb2 Qd7 17. Rad1 Qg4 18. Nxd5 Nxd5 19. Qxd5 Qe6 20. Qxe6 fxe6 0-1

[Event "AUTO-OPEN-1558"]
[Site "http://www.queenalice.com/game.php?id=589992"]
[Date "2009.5.18"]
[Round "1"]
[White "BillQ"]
[Black "maribondo"]
[Result "0-1"]
[WhiteElo "1386"]
[BlackElo "1850"]

1. f4 Nf6 2. Nf3 d5 3. e3 g6 4. d4 Bg7 5. Bb5+ Bd7 6. Nc3 O-O 7. O-O c6 8. Ba4
Na6 9. Ng5 h6 10. Nf3 b5 11. Bb3 b4 12. Na4 Rc8 13. Nc3 bxc3 14. Qd3 cxb2 15.
Bxb2 Nb4 16. Qc3 a5 17. Qc5 Na6 18. Qa7 Nb4 19. a3 Ra8 20. Qc5 Ne4 21. axb4 Nxc5
22. bxc5 Qb8 23. Ne5 Bxe5 24. fxe5 a4 25. Bxa4 Qxb2 26. Rfb1 Qc3 27. Rb7 Qxa1+
28. Kf2 Rxa4 29. Rxd7 Ra2 30. g4 Rxc2+ 31. Kg3 Qg1+ 0-1

[Event "AUTO-OPEN-1558"]
[Site "http://www.queenalice.com/game.php?id=589993"]
[Date "2009.5.18"]
[Round "1"]
[White "maribondo"]
[Black "BillQ"]
[Result "1-0"]
[WhiteElo "1852"]
[BlackElo "1384"]

1. e4 c5 2. Nf3 d6 3. d4 Nf6 4. Nc3 Nc6 5. Bb5 a6 6. Bxc6+ bxc6 7. dxc5 Rb8 8.
e5 Ng4 9. exd6 exd6 10. cxd6 Bxd6 11. O-O O-O 12. h3 Re8 13. hxg4 Bxg4 14. Qd3
Qa5 15. Qxd6 Qd8 16. Qxd8 Rbxd8 17. Be3 Bf5 18. Rac1 h6 19. Nd4 Bg6 20. Nxc6 Rd6
21. Nd4 f6 22. Na4 Be4 23. c4 Bd3 24. Rfd1 Be4 25. c5 Rc6 26. Nxc6 Bxc6 27. Nb6
Re5 28. Rd6 Be8 29. c6 Rb5 30. c7 Bd7 31. Rxd7 1-0

[Event "AUTO-INT-1312"]
[Site "http://www.queenalice.com/game.php?id=590114"]
[Date "2009.5.18"]
[Round "1"]
[White "Givanildo"]
[Black "BillQ"]
[Result "1-0"]
[WhiteElo "1471"]
[BlackElo "1396"]

1. e4 c5 2. Bc4 Nc6 3. Qh5 e6 4. d3 d5 5. Bb5 Nf6 6. Qh3 Qa5+ 7. Nc3 d4 8. Bxc6+
bxc6 9. e5 Nd5 10. Bd2 Be7 11. Nxd5 cxd5 12. Bxa5 O-O 13. Bd2 h6 14. Qg4 c4 15.
Bxh6 Kh7 16. Qxg7# 1-0

[Event "AUTO-INT-1312"]
[Site "http://www.queenalice.com/game.php?id=590115"]
[Date "2009.5.18"]
[Round "1"]
[White "BillQ"]
[Black "Givanildo"]
[Result "0-1"]
[WhiteElo "1382"]
[BlackElo "1498"]

1. f4 e6 2. Nf3 h6 3. Nc3 a6 4. d4 Bb4 5. e4 d6 6. Bc4 Nf6 7. O-O Ba5 8. b3 Bxc3
9. Rb1 Nxe4 10. Qe2 d5 11. Bd3 Nf6 12. Ba3 Nh5 13. Qf2 c6 14. Bc1 b5 15. Qh4
Qxh4 16. Nxh4 Bxd4+ 17. Kh1 g5 18. Nf3 Bc5 19. Bb2 g4 20. Ne5 g3 21. h3 Be3 22.
Ng4 Bxf4 23. Bxh8 f5 24. Nxh6 Nd7 25. Rbe1 Nc5 26. Be2 Ne4 27. Bxh5+ Kd7 28.
Rxf4 Nf2+ 29. Kg1 Bb7 30. Re3 Rxh8 31. Be2 Rxh6 32. Rxg3 Ne4 33. Rg7+ Kd6 34.
Rxb7 Ng3 35. Bd3 e5 36. Kh2 Nh5 37. Rxf5 e4 38. Be2 Nf6 39. Rb6 e3 40. Rf3 Ng4+
41. Kg3 Rg6 42. hxg4 Kc5 43. Rxa6 d4 44. Bd3 Kb4 45. a3+ Kc3 46. Bxg6 c5 47. Rf1
e2 48. Re1 Kd2 49. Kf2 c4 50. Rxe2+ Kc3 0-1

[Event "AUTO-INT-1312"]
[Site "http://www.queenalice.com/game.php?id=590128"]
[Date "2009.5.18"]
[Round "1"]
[White "BillQ"]
[Black "JMendes"]
[Result "0-1"]
[WhiteElo "1381"]
[BlackElo "1630"]

1. f4 d5 2. e3 Nf6 3. Nf3 e6 4. Bb5+ c6 5. Ba4 b5 6. Bb3 c5 7. O-O c4 8. Nc3
cxb3 9. axb3 Bb4 10. Nxb5 Ba6 11. Nbd4 O-O 12. Re1 Ne4 13. Ng5 Nxg5 14. fxg5
Qxg5 15. Qf3 Bb7 16. Rf1 Qd8 17. d3 Nc6 18. c3 Nxd4 19. exd4 Be7 20. c4 Qb6 21.
Be3 Qxb3 22. Rab1 dxc4 23. Rfc1 Bxf3 24. gxf3 Qxd3 25. Re1 a5 0-1

[Event "AUTO-INT-1312"]
[Site "http://www.queenalice.com/game.php?id=590129"]
[Date "2009.5.18"]
[Round "1"]
[White "JMendes"]
[Black "BillQ"]
[Result "1-0"]
[WhiteElo "1640"]
[BlackElo "1375"]

1. d4 Nf6 2. Nf3 d5 3. e3 e6 4. Bd3 c5 5. O-O c4 6. Be2 Bd6 7. Nc3 O-O 8. Nb5
Bb4 9. Bd2 Be7 10. Ne5 Qb6 11. a4 Ne4 12. b3 Nc6 13. Nxc6 Qxc6 14. bxc4 Nxd2 15.
cxd5 Qxd5 16. Qxd2 Qc6 17. Bf3 a6 18. Bxc6 bxc6 19. Nc3 Rb8 20. Qd3 Rb2 21. Ne4
a5 22. Qc3 Rb8 23. Qxa5 Bb4 24. Qe5 Ba6 25. Rfb1 h6 26. Nc5 Rb5 27. axb5 Bxb5
28. Rxb4 Be2 29. Rb8 1-0

[Event "AUTO-INT-1312"]
[Site "http://www.queenalice.com/game.php?id=590130"]
[Date "2009.5.18"]
[Round "1"]
[White "BillQ"]
[Black "Patt"]
[Result "1-0"]
[WhiteElo "1311"]
[BlackElo "1340"]

1. f4 Nf6 2. Nf3 e6 3. d4 Bb4+ 4. c3 Bd6 5. e3 Ne4 6. Bd3 Nf2 7. Kxf2 O-O 8.
Nbd2 Nc6 9. Rf1 b6 10. Kg1 Qf6 11. Qe1 Na5 12. Ne4 Qd8 13. Nxd6 cxd6 14. b4 Nc6
15. Qh4 f6 16. Qxh7+ Kf7 17. Bg6+ Ke7 18. Qxg7+ Rf7 19. Qxf7# 1-0

[Event "AUTO-INT-1312"]
[Site "http://www.queenalice.com/game.php?id=590131"]
[Date "2009.5.18"]
[Round "1"]
[White "Patt"]
[Black "BillQ"]
[Result "0-1"]
[WhiteElo "1362"]
[BlackElo "1370"]

1. Nc3 d5 2. d4 Nf6 3. Bg5 Nc6 4. e3 e6 5. Bxf6 Qxf6 6. Bb5 a6 7. Bxc6+ bxc6 8.
Nf3 Bb4 9. a3 Ba5 10. b4 Bb6 11. a4 O-O 12. O-O h6 13. Nh4 Qxh4 14. Ne2 a5 15.
bxa5 Bxa5 16. c3 Rb8 17. Nf4 Bxc3 18. Qc1 Bxa1 19. Qxa1 Ba6 20. Rb1 g5 21. Rxb8
Rxb8 22. g3 Qg4 23. Qa3 Qf3 24. Ng2 Rb1+ 25. Ne1 Rxe1# 0-1

[Event "Let's Play Chess!"]
[Site "http://www.queenalice.com/game.php?id=608608"]
[Date "2009.6.25"]
[Round "-"]
[White "BillQ"]
[Black "Rgriff15"]
[Result "0-1"]
[WhiteElo "1371"]
[BlackElo "1341"]

1. f4 e6 2. e4 e5 3. d3 Nc6 4. Nf3 d6 5. c4 Bg4 6. Be2 g6 7. O-O Bxf3 8. Bxf3
Bg7 9. Nc3 Nge7 10. b3 Nd4 11. Bg4 c6 12. Be3 Qa5 13. fxe5 dxe5 14. Qd2 O-O 0-1